Probabilidad y estadística. Aplicaciones y métodos

Enregistré dans:
Détails bibliographiques
Auteur principal: Canavos, George C (Auteur)
Format: Livre
Langue:espagnol
Publié: Ciudad de México, México McGraw Hill 1995
Sujets:
Accès en ligne:Disponible Online
Tags: Ajouter un tag
Pas de tags, Soyez le premier à ajouter un tag!

MARC

LEADER 00000nam a2200000 a 4500
001 UCU6844
003 CL-VaPUC
005 20241212111300.0
008 960628e19950000MX |||||||||||||||||spa|d
999 |c 249646  |d 249644 
040 |c Pontificia Universidad Católica de Valparaíso 
082 0 4 |a 519.5 CAN 1995   |2 21 
100 0 |a Canavos, George C  |e author  |9 365271 
245 1 0 |a Probabilidad y estadística.  |b Aplicaciones y métodos 
260 |a Ciudad de México, México   |b McGraw Hill  |c 1995 
300 |a 651 páginas  
583 |a last modification  |c 19960628 00:00:00  |k Rodrigo Vera 
650 0 |a Estadística Matemática  |x Estadística Descriptiva  |9 260199 
650 0 |a Probabilidades  |x Lógica matemática  |9 260028 
856 |u http://bibliografiadigital.pucv.cl.pucv.idm.oclc.org/index.php/bibliotecapucv/catalog/book/358  |y Disponible Online  
942 |c BK  |2 ddc 
945 |d 19960628 00:00:00  |a rbrito 
952 |0 0  |1 0  |2 ddc  |4 0  |6 519_500000000000000_CAN_1995  |7 0  |8 A  |9 267004  |a BIBING  |b BIBING  |c RES  |d 2019-11-19  |i 3212815  |l 2  |o 519.5 CAN 1995  |p 3212815  |r 2025-01-20  |s 2024-11-13  |w 2019-11-19  |y BK  |k ING 
952 |0 0  |1 0  |2 ddc  |4 0  |6 519_500000000000000_CAN_1995  |7 0  |8 A  |9 267005  |a BIBING  |b BIBING  |c RES  |d 2019-11-19  |i 3212823  |o 519.5 CAN 1995  |p 3212823  |r 2025-01-20  |w 2019-11-19  |y BK  |k ING 
952 |0 0  |1 0  |4 0  |6 519_500000000000000_CAN_1995  |7 0  |8 A  |9 267007  |a BIBCUR  |b BIBCUR  |d 2019-11-19  |i 3284425  |l 2  |m 1  |o 519.5 CAN 1995  |p 3284425  |r 2025-04-22  |s 2024-09-05  |w 2019-11-19  |y BK  |k PER 
952 |0 0  |1 0  |2 ddc  |4 0  |6 519_500000000000000_CAN_1995  |7 0  |8 A  |9 267009  |a BIBING  |b BIBING  |c RES  |d 2019-11-19  |i 3500608  |o 519.5 CAN 1995  |p 3500608  |r 2025-01-20  |w 2019-11-19  |y BK  |k ING 
952 |0 0  |1 0  |2 ddc  |4 0  |6 519_500000000000000_CAN_1995  |7 0  |8 A  |9 267010  |a BIBING  |b BIBING  |c RES  |d 2019-11-19  |i 3500616  |l 6  |o 519.5 CAN 1995  |p 3500616  |r 2025-01-20  |s 2024-05-15  |w 2019-11-19  |y BK  |k ING 
952 |0 0  |1 0  |2 ddc  |4 0  |6 519_500000000000000_CAN_1995  |7 0  |8 A  |9 267011  |a BIBING  |b BIBING  |c RES  |d 2019-11-19  |i 3500624  |l 6  |m 4  |o 519.5 CAN 1995  |p 3500624  |r 2025-01-20  |s 2024-11-20  |w 2019-11-19  |y BK  |k ING 
952 |0 0  |1 0  |2 ddc  |4 0  |6 519_500000000000000_CAN_1995  |7 0  |8 A  |9 267012  |a BIBING  |b BIBING  |c RES  |d 2019-11-19  |i 3500632  |l 2  |m 2  |o 519.5 CAN 1995  |p 3500632  |r 2025-01-20  |s 2023-05-04  |w 2019-11-19  |y BK  |k ING 
952 |0 0  |1 0  |2 ddc  |4 0  |6 519_500000000000000_CAN_1995  |7 0  |8 A  |9 267013  |a BIBING  |b BIBING  |c RES  |d 2019-11-19  |i 3500640  |l 9  |m 1  |o 519.5 CAN 1995  |p 3500640  |q 2025-04-07  |r 2025-03-31  |s 2025-03-31  |w 2019-11-19  |y BK  |k ING 
952 |0 0  |1 0  |2 ddc  |4 0  |6 519_500000000000000_CAN_1995  |7 0  |8 A  |9 267014  |a BIBING  |b BIBING  |c RES  |d 2019-11-19  |i 3500659  |l 4  |m 1  |o 519.5 CAN 1995  |p 3500659  |r 2025-01-20  |s 2024-05-22  |w 2019-11-19  |y BK  |k ING 
952 |0 0  |1 0  |2 ddc  |4 0  |6 519_500000000000000_CAN_1995  |7 0  |8 A  |9 267015  |a BIBING  |b BIBING  |c RES  |d 2019-11-19  |i 3500667  |l 6  |m 1  |o 519.5 CAN 1995  |p 3500667  |r 2025-04-11  |s 2025-04-07  |w 2019-11-19  |y BK  |k ING 
952 |0 0  |1 0  |2 ddc  |4 0  |6 519_500000000000000_CAN_1995  |7 0  |8 A  |9 267016  |a BIBING  |b BIBING  |c RES  |d 2019-11-19  |i 3500675  |l 1  |o 519.5 CAN 1995  |p 3500675  |r 2025-01-20  |s 2024-05-15  |w 2019-11-19  |y BK  |k ING 
952 |0 0  |1 0  |2 ddc  |4 0  |6 519_500000000000000_CAN_1995  |7 0  |8 A  |9 267017  |a BIBING  |b BIBING  |c RES  |d 2019-11-19  |i 3500683  |o 519.5 CAN 1995  |p 3500683  |r 2025-01-20  |w 2019-11-19  |y BK  |k ING 
952 |0 0  |1 0  |2 ddc  |4 0  |6 519_500000000000000_CAN_1995  |7 0  |8 A  |9 267018  |a BIBING  |b BIBING  |c RES  |d 2019-11-19  |i 3500691  |l 1  |o 519.5 CAN 1995  |p 3500691  |r 2025-01-20  |s 2023-04-14  |w 2019-11-19  |y BK  |k ING 
952 |0 0  |1 0  |2 ddc  |4 0  |6 519_500000000000000_CAN_1995  |7 0  |8 A  |9 267019  |a BIBING  |b BIBING  |c RES  |d 2019-11-19  |i 3500705  |l 11  |m 1  |o 519.5 CAN 1995  |p 3500705  |r 2025-01-20  |s 2024-06-10  |w 2019-11-19  |y BK  |k ING